01154nam a22001457a 450000500170000004100080001708200230002524501180004826001030016630000090026944000410027852006250031965000320094465000320097620260130160646.0 aENG aRR 016.01136bDOC- aDocuments in microformb: a list of resources at SSDC, JNU, University of Bombay, ICSSR Regional Centre, Calcutta aNew Delhi:bSocial Science Documentation Centre, Indian Council of Social Science Research,c1985. an.d. aSSDC Research Information Series- 21 aThis highlights the growing importance of micro-forms in managing space constraints in libraries and preserving rare research materials. It lists micro-form collections available at SSDC, the ICSSR Regional Centre in Calcutta, and universities hosting other ICSSR Regional Centres, including old journal back-files, bibliographical tools, theses, and research reports. Compiled without altering contributors’ entries, the list reveals a rich and unique body of research material on Africa and India and aims to support researchers and information professionals, while inviting user suggestions for further improvement. aMicroformsxCatalogszIndia aDocumentationxBibliography